[Event "EU-Cup 39th"]
[Site "Vrnjacka Banja"]
[Date "2024.10.26"]
[Round "7.17"]
[White "Lukovic, Vladimir"]
[Black "Bergan, Gaute"]
[Result "1-0"]
[WhiteElo "2431"]
[BlackElo "2021"]
[PlyCount "101"]
[EventDate "2024.10.20"]
[EventType "team-swiss"]
[EventRounds "7"]
[EventCountry "SRB"]
[SourceTitle "CB45_2024"]
[Source "ChessBase"]
[SourceDate "2024.11.06"]
[SourceVersion "1"]
[SourceVersionDate "2024.11.06"]
[SourceQuality "1"]
[WhiteTeam "Zmaj"]
[BlackTeam "Oslo 1911"]
[WhiteTeamCountry "SRB"]
[BlackTeamCountry "NOR"]

1. e4 e5 2. Nf3 Nc6 3. Bb5 a6 4. Ba4 Nf6 5. 0-0 Be7 6. Bxc6 dxc6 7. d3 Bd6 8. Nbd2 Bg4 9. h3 Bh5 10. Qe1 Nd7 11. Nh2 Qe7 12. Nc4 g5 13. Nxd6+ cxd6 14. b4 Nf8 15. a4 Ne6 16. Be3 0-0 17. f3 f6 18. Qc3 Nf4 19. Rfe1 Bf7 20. d4 Rfd8 21. Qd2 Bc4 22. Ng4 Kg7 23. Bf2 Be6 24. Ne3 Qc7 25. c4 exd4 26. Qxd4 c5 27. Qd2 cxb4 28. a5 Rd7 29. Kh1 Rc8 30. Reb1 Ng6 31. Rxb4 Ne5 32. Nd5 Bxd5 33. cxd5 Qc2 34. Qxc2 Rxc2 35. Bg3 Nc4 36. Rab1 Nxa5 37. Rb6 Kf7 38. Bxd6 Nc4 39. Rxb7 Ke8 40. Rb8+ Rd8 41. Rxd8+ Kxd8 42. Bc5 a5 43. Bd4 f5 44. Bf6+ Kc8 45. e5 Ne3 46. Bxg5 Nxd5 47. Rb5 Nc3 48. Rxa5 Kd7 49. Rc5 Ke6 50. h4 Kf7 51. Rc6 1-0

[Event "EU-Cup 39th"]
[Site "Vrnjacka Banja"]
[Date "2024.10.24"]
[Round "5.4"]
[White "Abasov, Nijat Azad"]
[Black "Lukovic, Vladimir"]
[Result "1/2-1/2"]
[WhiteElo "2619"]
[BlackElo "2431"]
[PlyCount "154"]
[EventDate "2024.10.20"]
[EventType "team-swiss"]
[EventRounds "7"]
[EventCountry "SRB"]
[SourceTitle "CB44_2024"]
[Source "Chessbase"]
[SourceDate "2024.10.30"]
[SourceVersion "1"]
[SourceVersionDate "2024.10.30"]
[SourceQuality "1"]
[WhiteTeam "Bayegan Pendik"]
[BlackTeam "Zmaj"]
[WhiteTeamCountry "TUR"]
[BlackTeamCountry "SRB"]

1. e4 e5 2. Nf3 Nc6 3. Bc4 Bc5 4. c3 Nf6 5. d4 exd4 6. e5 d5 7. Bb5 Ne4 8. cxd4 Bb6 9. Nc3 0-0 10. Be3 Nxc3 11. bxc3 f6 12. exf6 Qxf6 13. 0-0 Ne7 14. Qd2 c6 15. Bd3 Bf5 16. Rfe1 Bxd3 17. Bg5 Qg6 18. Ne5 Qd6 19. Bxe7 Qxe7 20. Nxc6 Qh4 21. Ne7+ Kh8 22. Qxd3 Qxf2+ 23. Kh1 Qf7 24. Re3 g6 25. Rae1 Rad8 26. Rh3 Rd6 27. Rf3 Qg7 28. Rxf8+ Qxf8 29. Qe2 Bc7 30. Rf1 Rf6 31. Rxf6 Qxf6 32. Nxd5 Qg5 33. Ne3 Qf4 34. g3 Qe4+ 35. Kg1 Ba5 36. Qd2 Qf3 37. Nd1 Kg7 38. Qe1 h5 39. Qe5+ Kh7 40. Ne3 Bd8 41. Qf4 Qe2 42. Qf2 Qd3 43. Nd5 Kg7 44. Nf4 Qb1+ 45. Kg2 Kh6 46. Qe2 Bg5 47. Nh3 Bf6 48. Nf2 Kg7 49. Ne4 Bd8 50. Nc5 Kh7 51. a4 b6 52. Nb7 Bf6 53. Nd6 Qb3 54. Ne4 Bd8 55. Qf3 Kg7 56. Qf4 Qa2+ 57. Kh3 Qxa4 58. Qe5+ Kh7 59. Qe6 Qd1 60. Qf7+ Kh6 61. Qf8+ Kh7 62. Qxd8 Qg4+ 63. Kg2 Qxe4+ 64. Kf2 Qc2+ 65. Ke3 Qxc3+ 66. Ke4 Qc2+ 67. Ke5 Qxh2 68. Qe7+ Kh6 69. Qf8+ Kh7 70. Qf7+ Kh6 71. Qf4+ Kg7 72. Kd6 h4 73. Qe5+ Kf7 74. Qe6+ Kg7 75. Qe7+ Kg8 76. Qe8+ Kg7 77. Qe5+ Kf7 1/2-1/2

[Event "EU-Cup 39th"]
[Site "Vrnjacka Banja"]
[Date "2024.10.23"]
[Round "4.4"]
[White "Lukovic, Vladimir"]
[Black "Lammens, Tim"]
[Result "0-1"]
[WhiteElo "2431"]
[BlackElo "2240"]
[PlyCount "90"]
[EventDate "2024.10.20"]
[EventType "team-swiss"]
[EventRounds "7"]
[EventCountry "SRB"]
[SourceTitle "CB44_2024"]
[Source "Chessbase"]
[SourceDate "2024.10.30"]
[SourceVersion "1"]
[SourceVersionDate "2024.10.30"]
[SourceQuality "1"]
[WhiteTeam "Zmaj"]
[BlackTeam "Paul Keres"]
[WhiteTeamCountry "SRB"]
[BlackTeamCountry "NED"]

1. e4 c6 2. d4 d5 3. e5 Bf5 4. Be3 Qb6 5. Qc1 e6 6. c4 f6 7. Nf3 Nd7 8. Be2 fxe5 9. dxe5 Bc5 10. Bxc5 Nxc5 11. 0-0 Ne7 12. Nbd2 0-0 13. Qc3 Ng6 14. Rfe1 Rad8 15. b3 Ne4 16. Nxe4 dxe4 17. c5 Qc7 18. Nd2 Qxe5 19. Qe3 Nf4 20. Bc4 Nd5 21. Qg3 Qd4 22. Nxe4 Bxe4 23. Rad1 Qxc5 24. Rxe4 Rf6 25. Rg4 Qe7 26. Qe5 Qf7 27. Qd4 Rf8 28. f3 a6 29. Re1 Rg6 30. Bd3 Rxg4 31. Qxg4 Re8 32. Qe4 g6 33. Qd4 Qf6 34. Qf2 Re7 35. h4 Kg7 36. Re4 Rd7 37. Bc4 e5 38. Qe1 Re7 39. b4 Qd6 40. Bb3 Qf6 41. Rc4 e4 42. fxe4 b5 43. Rc1 Rxe4 44. Qc3 Rxh4 45. Qg3 Rd4 0-1

[Event "SRB-chT Premier"]
[Site "Bajina Basta"]
[Date "2024.10.02"]
[Round "6.6"]
[White "Lukovic, Vladimir"]
[Black "Kecskemeti, Arpad"]
[Result "1-0"]
[WhiteElo "2431"]
[BlackElo "2236"]
[PlyCount "61"]
[EventDate "2024.09.27"]
[EventType "team-tourn"]
[EventRounds "11"]
[EventCountry "SRB"]
[SourceTitle "EXT 2025"]
[Source "ChessBase"]
[SourceDate "2024.10.14"]
[SourceVersion "1"]
[SourceVersionDate "2024.10.14"]
[SourceQuality "1"]
[WhiteTeam "Belgrade Zmaj"]
[BlackTeam "Bajsa Lajos Segi"]
[WhiteTeamCountry "SRB"]
[BlackTeamCountry "SRB"]

1. e4 c5 2. Nf3 a6 3. c3 d5 4. exd5 Qxd5 5. d4 Nf6 6. Be2 e6 7. 0-0 Nc6 8. h3 Be7 9. c4 Qd8 10. Be3 cxd4 11. Nxd4 Nxd4 12. Bxd4 0-0 13. Qd2 Qc7 14. Qe3 Nd7 15. Nc3 b6 16. Nd5 exd5 17. Qxe7 Bb7 18. Bg4 Rad8 19. cxd5 Rfe8 20. Qa3 Bxd5 21. Qxa6 Nc5 22. Qb5 Bc6 23. Qb4 Re4 24. Rfd1 Qf4 25. Qxb6 Rdxd4 26. Rxd4 Rxd4 27. Qxc6 h5 28. Qc8+ Kh7 29. Bf5+ g6 30. Bxg6+ fxg6 31. Qxc5 1-0

[Event "Titled Tuesday intern op 19th Dec Late"]
[Site "Chess.com INT"]
[Date "2023.12.19"]
[Round "6"]
[White "Chylewski, Patryk"]
[Black "Lukovic, Vladimir"]
[Result "1-0"]
[WhiteElo "2291"]
[BlackElo "2440"]
[PlyCount "149"]
[EventDate "2023.12.19"]
[EventType "swiss (blitz)"]
[EventRounds "11"]
[EventCountry "USA"]
[SourceTitle "EXT 2025"]
[Source "ChessBase"]
[SourceDate "2024.10.14"]
[SourceVersion "1"]
[SourceVersionDate "2024.10.14"]
[SourceQuality "1"]

1. d4 Nf6 2. Nf3 d6 3. e3 Bg4 4. Be2 Nbd7 5. 0-0 e5 6. c4 c6 7. d5 e4 8. Nd4 Bxe2 9. Nxe2 h5 10. Nbc3 h4 11. h3 c5 12. a3 g5 13. b4 Rg8 14. Bb2 Qe7 15. Nb5 Kd8 16. Qa4 Nb6 17. Qa5 Nfd7 18. Rac1 a6 19. Nbc3 Ke8 20. Na4 Nxa4 21. Qxa4 Bg7 22. Bxg7 Rxg7 23. bxc5 dxc5 24. Rb1 Rb8 25. Qa5 Qd8 26. Qc3 Kf8 27. a4 b6 28. d6 Kg8 29. Rfd1 Rg6 30. Rd5 Qf6 31. Qc2 Re8 32. Nc3 Qe6 33. Rbd1 g4 34. Kh2 g3+ 35. fxg3 Rxg3 36. Qf2 Qg6 37. Ne2 Qf6 38. Qxf6 Nxf6 39. Rf5 Nd7 40. Nxg3 hxg3+ 41. Kxg3 f6 42. Rf4 Kf7 43. Kf2 Kg6 44. g4 Ne5 45. d7 Rd8 46. Rd6 Nd3+ 47. Kg3 Nxf4 48. Kxf4 Kf7 49. Kf5 Ke7 50. Rxf6 Kxd7 51. Rxb6 a5 52. Rb5 Kc6 53. Rxa5 Rd3 54. Kxe4 Rc3 55. g5 Rxc4+ 56. Kf5 Rc3 57. g6 Rxe3 58. g7 Rg3 59. Kf6 Rf3+ 60. Ke7 Re3+ 61. Kd8 Rg3 62. Ra7 c4 63. Rc7+ Kd5 64. h4 c3 65. h5 c2 66. h6 Ke6 67. Rxc2 Kf7 68. Rf2+ Ke6 69. Rf8 Rd3+ 70. Kc7 Rc3+ 71. Kb6 Rb3+ 72. Kc5 Rc3+ 73. Kb4 Rc7 74. g8Q+ Kd6 75. Rf6+ 1-0

[Event "Titled Tuesday intern op 19th Dec Late"]
[Site "Chess.com INT"]
[Date "2023.12.19"]
[Round "5"]
[White "Lukovic, Vladimir"]
[Black "Dwilewicz, Katarzyna"]
[Result "1-0"]
[WhiteElo "2440"]
[BlackElo "2112"]
[PlyCount "69"]
[EventDate "2023.12.19"]
[EventType "swiss (blitz)"]
[EventRounds "11"]
[EventCountry "USA"]
[SourceTitle "EXT 2025"]
[Source "ChessBase"]
[SourceDate "2024.10.14"]
[SourceVersion "1"]
[SourceVersionDate "2024.10.14"]
[SourceQuality "1"]

1. e4 c5 2. Nf3 Nc6 3. Bb5 g6 4. 0-0 Bg7 5. c3 e5 6. d4 exd4 7. cxd4 Nxd4 8. Nxd4 Bxd4 9. Nc3 Ne7 10. Bh6 a6 11. Bc4 b5 12. Bd5 Nxd5 13. Nxd5 f6 14. Be3 Bxe3 15. fxe3 0-0 16. Nxf6+ Kg7 17. Qd5 Ra7 18. e5 Rc7 19. Rad1 Qe7 20. Rf4 Bb7 21. Qd6 Qxd6 22. exd6 Rcc8 23. Nxd7 Rxf4 24. exf4 c4 25. Ne5 Kf6 26. d7 Rd8 27. Kf2 Ke6 28. g3 Bd5 29. Ke3 a5 30. Kd4 g5 31. Kc5 Be4 32. Kxb5 Bd3 33. Nxd3 cxd3 34. Rxd3 gxf4 35. gxf4 1-0

[Event "EU-ch Blitz"]
[Site "Zagreb"]
[Date "2023.12.16"]
[Round "6"]
[White "Ivanchuk, Vassily"]
[Black "Lukovic, Vladimir"]
[Result "1-0"]
[WhiteElo "2625"]
[BlackElo "2440"]
[PlyCount "53"]
[EventDate "2023.12.16"]
[EventType "swiss (blitz)"]
[EventRounds "13"]
[EventCountry "CRO"]
[SourceTitle "CBM 217 Extra"]
[Source "ChessBase"]
[SourceDate "2024.01.31"]
[SourceVersion "1"]
[SourceVersionDate "2024.01.31"]
[SourceQuality "1"]

1. d4 d5 2. c4 c6 3. Nf3 Nf6 4. Qb3 g6 5. Nc3 Bg7 6. cxd5 cxd5 7. Bg5 e6 8. e3 0-0 9. Bd3 Nc6 10. 0-0 Na5 11. Qc2 Bd7 12. Ne5 Nc6 13. Qe2 Rc8 14. f4 a6 15. Rac1 Qc7 16. g4 Ne8 17. Nxd7 Qxd7 18. f5 h6 19. Bh4 g5 20. Bg3 Nf6 21. h4 Qe7 22. hxg5 hxg5 23. fxe6 fxe6 24. Qh2 Rf7 25. Bg6 Qd7 26. Rf3 Nxg4 27. Qh7+ 1-0

[Event "Titled Tuesday intern op 28th Nov Early"]
[Site "Chess.com INT"]
[Date "2023.11.28"]
[Round "1"]
[White "Lukovic, Vladimir"]
[Black "Melikhov, Evgeny V"]
[Result "1-0"]
[WhiteElo "2440"]
[BlackElo "2189"]
[PlyCount "95"]
[EventDate "2023.11.28"]
[EventType "swiss (blitz)"]
[EventRounds "11"]
[EventCountry "USA"]
[SourceTitle "EXT 2025"]
[Source "ChessBase"]
[SourceDate "2024.10.14"]
[SourceVersion "1"]
[SourceVersionDate "2024.10.14"]
[SourceQuality "1"]

1. e4 e5 2. Nf3 Nc6 3. Bb5 a6 4. Ba4 Nf6 5. 0-0 Nxe4 6. Qe2 Nc5 7. Nxe5 Nxe5 8. Qxe5+ Qe7 9. Qxe7+ Bxe7 10. Bb3 Nxb3 11. axb3 0-0 12. Nc3 c6 13. d3 d5 14. Re1 Bd6 15. h3 Bf5 16. Kf1 Rae8 17. Rxe8 Rxe8 18. Ra4 h6 19. Bd2 g5 20. Ne2 Kg7 21. Bc3+ Kg6 22. Ra1 Bd7 23. b4 f5 24. Nd4 f4 25. f3 Re7 26. Nb3 Re8 27. Nc5 Bc8 28. d4 Re7 29. Rc1 Bf5 30. Kf2 Kg7 31. Bd2 Kg6 32. c3 Kg7 33. b3 Kg6 34. c4 dxc4 35. bxc4 h5 36. Rc3 g4 37. hxg4 hxg4 38. Nd3 Bxd3 39. Rxd3 Kf5 40. fxg4+ Kxg4 41. d5 cxd5 42. Rxd5 Re6 43. c5 Be5 44. Rd7 b6 45. Rd5 bxc5 46. bxc5 Bc7 47. Bc3 Re4 48. Bf6 1-0

[Event "Titled Tuesday intern op 28th Nov Early"]
[Site "Chess.com INT"]
[Date "2023.11.28"]
[Round "4"]
[White "Lukovic, Vladimir"]
[Black "Toktomushev, Teimur"]
[Result "1-0"]
[WhiteElo "2440"]
[BlackElo "2249"]
[PlyCount "61"]
[EventDate "2023.11.28"]
[EventType "swiss (blitz)"]
[EventRounds "11"]
[EventCountry "USA"]
[SourceTitle "EXT 2025"]
[Source "ChessBase"]
[SourceDate "2024.10.14"]
[SourceVersion "1"]
[SourceVersionDate "2024.10.14"]
[SourceQuality "1"]

1. e4 c5 2. Nf3 e6 3. d4 cxd4 4. Nxd4 a6 5. Nc3 b5 6. g3 Bb7 7. Bg2 Nf6 8. a3 Qc7 9. 0-0 Nc6 10. Bf4 e5 11. Nxc6 exf4 12. Nd4 fxg3 13. hxg3 Bc5 14. e5 Bxg2 15. Kxg2 Qb7+ 16. Qf3 Qxf3+ 17. Nxf3 Ng4 18. Ne4 Be7 19. Rad1 Rc8 20. c3 Rc7 21. Nd6+ Kf8 22. Rd4 h5 23. Rfd1 g6 24. Rf4 f6 25. exf6 Nxf6 26. Ne4 Kg7 27. Ne5 Nxe4 28. Rf7+ Kh6 29. Rxe7 Rf8 30. Nf7+ Kg7 31. Nd6+ 1-0

[Event "Titled Tuesday intern op 14th Nov Early"]
[Site "Chess.com INT"]
[Date "2023.11.14"]
[Round "9"]
[White "Lukovic, Vladimir"]
[Black "Erzhanov, Arman"]
[Result "1-0"]
[WhiteElo "2440"]
[BlackElo "2175"]
[PlyCount "123"]
[EventDate "2023.11.14"]
[EventType "swiss (blitz)"]
[EventRounds "11"]
[EventCountry "USA"]
[SourceTitle "CBM 217 Extra"]
[Source "ChessBase"]
[SourceDate "2024.01.31"]
[SourceVersion "1"]
[SourceVersionDate "2024.01.31"]
[SourceQuality "1"]

1. e4 d6 2. d4 Nf6 3. Nc3 c6 4. a4 e5 5. Nge2 Nbd7 6. g3 Be7 7. Bg2 0-0 8. 0-0 Re8 9. h3 Bf8 10. a5 Qc7 11. Re1 b5 12. axb6 Nxb6 13. b3 a5 14. Bb2 Bb7 15. Na4 Nxa4 16. Rxa4 c5 17. d5 Nd7 18. Bc3 Ra7 19. Qd2 Rea8 20. Rea1 g6 21. Rxa5 Rxa5 22. Rxa5 Rxa5 23. Bxa5 Qc8 24. Nc3 Ba6 25. Na4 Qb7 26. Nb2 h5 27. h4 Kh7 28. Qe1 Bh6 29. Bd2 Bxd2 30. Qxd2 Nf6 31. f3 Qb5 32. Nc4 Qb8 33. Ne3 Kg7 34. Qa5 Qc8 35. Qb6 Ne8 36. Kh2 Bb7 37. Nc4 f5 38. Nxd6 Nxd6 39. Qxd6 fxe4 40. Qxe5+ Kh7 41. fxe4 c4 42. bxc4 Ba6 43. Qe7+ Kh6 44. c5 Qg4 45. Qg5+ Qxg5 46. hxg5+ Kxg5 47. d6 Bb5 48. c4 Bd7 49. e5 Kf5 50. Bh3+ Kxe5 51. Bxd7 Kd4 52. c6 Kc5 53. c7 Kxd6 54. c8Q Ke7 55. Qe8+ Kd6 56. Qxg6+ Kc5 57. Qxh5+ Kd6 58. Qd5+ Kc7 59. Bg4 Kb6 60. Qb5+ Kc7 61. c5 Kd8 62. Qd7# 1-0

[Event "Titled Tuesday intern op 14th Nov Early"]
[Site "Chess.com INT"]
[Date "2023.11.14"]
[Round "11"]
[White "Omariev, Maksim"]
[Black "Lukovic, Vladimir"]
[Result "0-1"]
[WhiteElo "2304"]
[BlackElo "2440"]
[PlyCount "74"]
[EventDate "2023.11.14"]
[EventType "swiss (blitz)"]
[EventRounds "11"]
[EventCountry "USA"]
[SourceTitle "CBM 217 Extra"]
[Source "ChessBase"]
[SourceDate "2024.01.31"]
[SourceVersion "1"]
[SourceVersionDate "2024.01.31"]
[SourceQuality "1"]

1. e4 e6 2. d4 d5 3. Nc3 Bb4 4. exd5 exd5 5. Bd3 Nc6 6. a3 Bxc3+ 7. bxc3 Nge7 8. Qf3 Be6 9. Ne2 Qd7 10. Ng3 Bg4 11. Qf4 h5 12. h3 Be6 13. Rb1 0-0-0 14. 0-0 h4 15. Ne2 g5 16. Qf6 g4 17. hxg4 Bxg4 18. Kh2 Nf5 19. Bg5 Rde8 20. f3 Ng3 21. fxg4 Qxg4 22. Ng1 Nxf1+ 23. Rxf1 Kb8 24. Bf5 Qg3+ 25. Kh1 Rhg8 26. Nh3 Re1 27. Bd3 Rxf1+ 28. Qxf1 Rxg5 29. Nxg5 Qxg5 30. Qxf7 a6 31. Qf8+ Nd8 32. Qe8 Ka7 33. Qd7 Kb6 34. Qc8 Nc6 35. Qd7 Qc1+ 36. Kh2 Qxa3 37. Qxd5 Qxc3 0-1

[Event "Titled Tuesday intern op 07th Nov Early"]
[Site "Chess.com INT"]
[Date "2023.11.07"]
[Round "6"]
[White "Rakhmatullaev, Almas"]
[Black "Lukovic, Vladimir"]
[Result "0-1"]
[WhiteElo "2383"]
[BlackElo "2440"]
[PlyCount "98"]
[EventDate "2023.11.07"]
[EventType "swiss (blitz)"]
[EventRounds "11"]
[EventCountry "USA"]
[SourceTitle "EXT 2025"]
[Source "ChessBase"]
[SourceDate "2024.10.14"]
[SourceVersion "1"]
[SourceVersionDate "2024.10.14"]
[SourceQuality "1"]

1. e4 e6 2. d4 d5 3. Nc3 Bb4 4. Nge2 Nf6 5. a3 Bxc3+ 6. Nxc3 Nxe4 7. Nxe4 dxe4 8. Be3 0-0 9. g3 b6 10. Bg2 Bb7 11. c4 Nd7 12. Qg4 Nf6 13. Qh4 h6 14. Rd1 Qe7 15. g4 Nd5 16. Qxe7 Nxe7 17. Bf4 Rac8 18. h4 Ng6 19. Bg3 f5 20. h5 f4 21. hxg6 fxg3 22. fxg3 Rf6 23. d5 exd5 24. cxd5 Rxg6 25. 0-0 Re8 26. Rf4 e3 27. Re1 Rd6 28. Rf5 c6 29. Rf3 cxd5 30. Rfxe3 Rxe3 31. Rxe3 Kf7 32. Kf2 d4 33. Rd3 Bxg2 34. Kxg2 Ke6 35. Kf3 Kd5 36. b3 Rc6 37. Ke2 Rc2+ 38. Kd1 Rg2 39. Rf3 Ke4 40. Rf7 Rxg3 41. Rxg7 a5 42. Rg6 Rxb3 43. Rxh6 b5 44. Rh5 a4 45. Kc1 d3 46. g5 Kf5 47. Kd2 Kg6 48. Rh3 Rxa3 49. Rg3 Rb3 0-1

[Event "Titled Tuesday intern op 07th Nov Early"]
[Site "Chess.com INT"]
[Date "2023.11.07"]
[Round "7"]
[White "Talibov, Shiroghlan"]
[Black "Lukovic, Vladimir"]
[Result "0-1"]
[WhiteElo "2362"]
[BlackElo "2440"]
[PlyCount "86"]
[EventDate "2023.11.07"]
[EventType "swiss (blitz)"]
[EventRounds "11"]
[EventCountry "USA"]
[SourceTitle "EXT 2025"]
[Source "ChessBase"]
[SourceDate "2024.10.14"]
[SourceVersion "1"]
[SourceVersionDate "2024.10.14"]
[SourceQuality "1"]

1. d4 Nf6 2. c4 d6 3. Nc3 Bf5 4. f3 Nbd7 5. e4 Bg6 6. Be3 e5 7. d5 h5 8. h4 Be7 9. g3 a5 10. Nge2 Nc5 11. Nc1 Nfd7 12. Bh3 0-0 13. Nd3 f5 14. Nxc5 Nxc5 15. exf5 Bxf5 16. Bxf5 Rxf5 17. Bxc5 dxc5 18. Ne4 Qd7 19. 0-0 Raf8 20. Kg2 b6 21. a4 g6 22. b3 R8f7 23. Qd3 Bf8 24. Rae1 Bh6 25. Re2 Kf8 26. Nc3 g5 27. hxg5 Rxg5 28. Ne4 Rgg7 29. Rh1 Qf5 30. Rf2 Bf4 31. Rh3 Bxg3 32. Rxg3 Rxg3+ 33. Kxg3 Rg7+ 34. Kh2 Qf4+ 35. Kh3 Qf5+ 36. Kh2 Qf4+ 37. Kh3 Rg1 38. Rf1 Rg6 39. Qd2 Rg3+ 40. Nxg3 Qxd2 41. f4 exf4 42. Nxh5 Qd3+ 43. Kg2 Qe2+ 0-1

[Event "Titled Tuesday intern op 07th Nov Early"]
[Site "Chess.com INT"]
[Date "2023.11.07"]
[Round "3"]
[White "Zhigalko, Sergei"]
[Black "Lukovic, Vladimir"]
[Result "1-0"]
[WhiteElo "2572"]
[BlackElo "2440"]
[PlyCount "145"]
[EventDate "2023.11.07"]
[EventType "swiss (blitz)"]
[EventRounds "11"]
[EventCountry "USA"]
[SourceTitle "EXT 2025"]
[Source "ChessBase"]
[SourceDate "2024.10.14"]
[SourceVersion "1"]
[SourceVersionDate "2024.10.14"]
[SourceQuality "1"]

1. e4 e5 2. Nf3 Nc6 3. Bc4 Bc5 4. b4 Bxb4 5. c3 Be7 6. d4 Na5 7. Bd3 d6 8. dxe5 dxe5 9. Nxe5 Nf6 10. 0-0 0-0 11. Qc2 Be6 12. Nd2 c5 13. c4 Qc7 14. Bb2 Rad8 15. f4 Bc8 16. Ndf3 b6 17. Rae1 h6 18. Bc3 Nb7 19. h3 Nd6 20. f5 Bb7 21. Ng4 Nxg4 22. hxg4 f6 23. e5 fxe5 24. Nxe5 Bf6 25. Ng6 Bxc3 26. Qxc3 Rf7 27. f6 Re8 28. Ne7+ Rexe7 29. fxe7 Rxe7 30. Bg6 Ne4 31. Qf3 Nf6 32. Qf2 Bc6 33. Bf5 Qd6 34. Rxe7 Qxe7 35. Re1 Qd6 36. Qe3 Kf8 37. Qd3 Qxd3 38. Bxd3 Nxg4 39. Bg6 Nf6 40. Kf1 Bd7 41. Ke2 Be6 42. Kd3 Bf7 43. Bxf7 Kxf7 44. a4 h5 45. a5 bxa5 46. Ra1 Nd7 47. Rxa5 Ke6 48. Ra6+ Ke5 49. Rxa7 Kd6 50. Ke4 Nf6+ 51. Kf5 Ng4 52. Ra6+ Kc7 53. Rg6 Ne3+ 54. Ke4 Nxc4 55. Kd5 Ne3+ 56. Kxc5 Kd7 57. Kd4 Nf5+ 58. Ke5 Ne3 59. Rxg7+ Ke8 60. Kf4 Nd5+ 61. Kg5 Kf8 62. Rg6 Kf7 63. Ra6 h4 64. Kxh4 Ne3 65. g4 Kg7 66. Kg5 Nd5 67. Ra7+ Kg8 68. Kg6 Nf4+ 69. Kf5 Nd5 70. g5 Kf8 71. g6 Kg8 72. Kg5 Kh8 73. Kh6 1-0

[Event "SRB-chT Premier"]
[Site "Bajina Basta"]
[Date "2023.09.25"]
[Round "8.4"]
[White "Lukovic, Vladimir"]
[Black "Cuzovic, Ognjen"]
[Result "1-0"]
[WhiteElo "2427"]
[BlackElo "1977"]
[PlyCount "53"]
[EventDate "2023.09.18"]
[EventType "team-tourn"]
[EventRounds "11"]
[EventCountry "SRB"]
[SourceTitle "CBM 216 Extra"]
[Source "ChessBase"]
[SourceDate "2023.11.30"]
[SourceVersion "1"]
[SourceVersionDate "2023.11.30"]
[SourceQuality "1"]
[WhiteTeam "Belgrade Zmaj"]
[BlackTeam "Petrovaradin Kraljica"]
[WhiteTeamCountry "SRB"]
[BlackTeamCountry "SRB"]

1. e4 c6 2. d4 d5 3. e5 Bf5 4. Be3 e6 5. Nd2 Nd7 6. c3 Ne7 7. f4 Bg6 8. Ngf3 Nf5 9. Bf2 Be7 10. Be2 c5 11. 0-0 0-0 12. g4 Nh4 13. Bxh4 Bxh4 14. g5 Bxg5 15. fxg5 cxd4 16. cxd4 f6 17. gxf6 gxf6 18. exf6 Qxf6 19. Bb5 Rf7 20. Bxd7 Rxd7 21. Qe2 Rg7 22. Kh1 Rf8 23. Ne5 Qg5 24. Rxf8+ Kxf8 25. Nxg6+ Rxg6 26. Rf1+ Kg8 27. Nf3 1-0

[Event "Titled Tuesday intern op 11th Apr Early"]
[Site "Chess.com INT"]
[Date "2023.04.11"]
[Round "3"]
[White "Lukovic, Vladimir"]
[Black "Novikov, Evgenij"]
[Result "1-0"]
[WhiteElo "2427"]
[BlackElo "2276"]
[PlyCount "85"]
[EventDate "2023.04.11"]
[EventType "swiss (blitz)"]
[EventRounds "11"]
[EventCountry "USA"]
[SourceTitle "CBM 213 Extra"]
[Source "ChessBase"]
[SourceDate "2023.05.31"]
[SourceVersion "1"]
[SourceVersionDate "2023.05.31"]
[SourceQuality "1"]

1. e4 d5 2. exd5 Qxd5 3. Nc3 Qd6 4. d4 Nf6 5. Nf3 c6 6. Ne5 Nbd7 7. Bf4 Nd5 8. Nxd5 Qxd5 9. Nf3 Nf6 10. c4 Qe4+ 11. Be3 Bg4 12. Be2 e6 13. Qb3 0-0-0 14. 0-0 Qf5 15. d5 Bxf3 16. Bxf3 exd5 17. cxd5 Nxd5 18. Bxa7 Bd6 19. Rac1 Nc7 20. Rc4 Qe5 21. g3 h5 22. Bd4 Qe7 23. Bb6 f5 24. Bxc7 Bxc7 25. Qa4 Rd6 26. Qa8+ Bb8 27. Rfc1 Rhd8 28. Kg2 g6 29. b4 Qe5 30. Bxc6 bxc6 31. Rxc6+ Kd7 32. Qb7+ Ke6 33. Rxd6+ Bxd6 34. Kf1 Rb8 35. Qc6 Rxb4 36. Re1 Re4 37. Qe8+ Kf6 38. Qh8+ Kg5 39. h4+ Kg4 40. Kg2 Re2 41. Qxe5 Rxf2+ 42. Kxf2 Bxe5 43. Rxe5 1-0

[Event "Titled Tuesday intern op 04th Apr Early"]
[Site "Chess.com INT"]
[Date "2023.04.04"]
[Round "9"]
[White "Akhayan, Ruben"]
[Black "Lukovic, Vladimir"]
[Result "0-1"]
[WhiteElo "2249"]
[BlackElo "2427"]
[PlyCount "114"]
[EventDate "2023.04.04"]
[EventType "swiss (blitz)"]
[EventRounds "11"]
[EventCountry "USA"]
[SourceTitle "EXT 2024"]
[Source "ChessBase"]
[SourceDate "2023.10.10"]
[SourceVersion "1"]
[SourceVersionDate "2023.10.10"]
[SourceQuality "1"]

1. d4 d5 2. c4 c6 3. Nf3 Nf6 4. e3 g6 5. Nbd2 Bg7 6. Bd3 0-0 7. 0-0 a6 8. b3 Bg4 9. Bb2 Nbd7 10. h3 Bxf3 11. Nxf3 e6 12. Re1 Re8 13. Qe2 Ne4 14. Bxe4 dxe4 15. Nd2 f5 16. c5 e5 17. Nc4 exd4 18. Bxd4 Bxd4 19. exd4 b5 20. Nd6 Re6 21. a4 Nf6 22. axb5 axb5 23. Rxa8 Qxa8 24. Qb2 Nd5 25. Ra1 Qd8 26. Qa3 f4 27. Qa7 Re7 28. Qa8 Qxa8 29. Rxa8+ Kg7 30. Re8 Rxe8 31. Nxe8+ Kf8 32. Nd6 Nf6 33. d5 Nxd5 34. Nxe4 Ke7 35. Kf1 Ke6 36. Ke2 Ke5 37. Ng5 Kd4 38. Nxh7 Kc3 39. Nf8 Ne7 40. Kf3 Kxb3 41. Kxf4 Kc4 42. Nd7 b4 43. Nb6+ Kxc5 44. Na4+ Kb5 45. Nb2 c5 46. Ke3 c4 47. Kd4 c3 48. Nd3 c2 49. Nc1 Ka4 50. Kc4 Nd5 51. Nd3 Nf4 52. Nc5+ Ka3 53. Nb3 Nxg2 54. Nc1 Nf4 55. h4 Kb2 56. Nd3+ Nxd3 57. Kxd3 c1Q 0-1

[Event "Belgrade Gligoric 100 Ann op"]
[Site "Belgrade"]
[Date "2023.02.05"]
[Round "4"]
[White "Lukovic, Vladimir"]
[Black "Mijatovic, Dusan"]
[Result "1-0"]
[WhiteElo "2427"]
[BlackElo "2213"]
[PlyCount "73"]
[EventDate "2023.02.05"]
[EventType "swiss (blitz)"]
[EventRounds "11"]
[EventCountry "SRB"]
[SourceTitle "EXT 2024"]
[Source "ChessBase"]
[SourceDate "2023.10.10"]
[SourceVersion "1"]
[SourceVersionDate "2023.10.10"]
[SourceQuality "1"]

1. e4 c5 2. Nf3 d6 3. Bb5+ Bd7 4. Bxd7+ Qxd7 5. 0-0 Nf6 6. Qe2 Nc6 7. c3 e6 8. d4 cxd4 9. cxd4 d5 10. e5 Ne4 11. Be3 Be7 12. Ne1 f6 13. f3 Ng5 14. Nd3 0-0 15. Nd2 a5 16. a4 Rac8 17. Nb3 b6 18. Rfe1 Nf7 19. Bf2 Rfe8 20. exf6 Bxf6 21. f4 Nd6 22. Ne5 Bxe5 23. dxe5 Ne4 24. Be3 Nb4 25. Nd4 Rc4 26. Rac1 Rec8 27. Rxc4 Rxc4 28. Qg4 Nc2 29. Nxc2 Rxc2 30. Bd4 Nc5 31. Qd1 Qxa4 32. f5 Rc4 33. Qh5 Rxd4 34. f6 Re4 35. Rf1 Qd4+ 36. Kh1 Qxe5 37. Qe8# 1-0